00495nam a2200145 a 45000010005000000030009000050080041000140400028000550820018000831000028001012450141001292600037002703000010003076500032003177600CO-ViMGA141112s2004 ck r 000 u spa d aCO-ViMGAbspacCO-ViMGA04a352.0072 C6511 aComadira, Julio Rodolfo10aActo administrativo municipal : ben la (municipalidad de la ciudad de Buenos Aires y en los municipios de la provincia de Buenos Aires) aBuenos Aires : bDepalma, c1992 a178 p14aMUNICIPIOS - ADMINISTRACION